| 000 | 00458nam a2200157 i 4500 | ||
|---|---|---|---|
| 001 | 63477 | ||
| 003 | ES-MaACL | ||
| 005 | 20230906164900.0 | ||
| 007 | t| | ||
| 008 | 031210s1960 sp ||||1| spa d | ||
| 100 | 1 |
_aFerrer Pastor, Francisco. _950490 |
|
| 245 | 1 | 0 |
_aVocabulario valenciĆ”-castellano / _cper Francesc Ferrer Pastor. |
| 260 |
_aValencia : _b[s.n., _c1960] ( _fVives Mora) |
||
| 300 |
_a224 p. ; _c17 cm. |
||
| 852 |
_aES-MaACL _jC-18834 _bR.46425 |
||
| 999 |
_c63477 _d63477 |
||